| 000 | 00694nam a2200241 a 4500 | ||
|---|---|---|---|
| 001 | BRCA_1435 | ||
| 005 | 20190320203428.0 | ||
| 008 | 930823s1987 ---#---###---#000-0#spa-d | ||
| 020 | _a9688006378 | ||
| 041 | _aspa | ||
| 050 | 4 |
_aF1219.1 _b.U55 1987 |
|
| 245 | 1 | 0 | _aEl universo del amate. |
| 250 | _a3 | ||
| 260 |
_aMéxico _bSEP _c1987? |
||
| 300 |
_a84 p. _bil. (algunas a color) _c22 cm. |
||
| 504 | _aBibliografía : p. 83 | ||
| 650 | 1 | 4 |
_aIndígenas de México _xPapel _zGuerrero _94696 |
| 650 | 1 | 4 |
_aIndígenas de México _zGuerrero _94697 |
| 650 | 1 | 4 |
_aArte popular _zGuerrero _94698 |
| 651 | 4 |
_aGuerrero _xVida social y costumbres _94699 |
|
| 653 | 0 | _aVida cotidiana | |
| 942 |
_2lcc _cB |
||
| 999 |
_c1297 _d1297 |
||